[Event "Bundesliga 0102"]
[Site "Deutschland"]
[Date "2002.03.16"]
[Round "10.6"]
[White "Breder, Dennis"]
[Black "Casper, Thomas"]
[Result "0-1"]
[WhiteElo "2411"]
[BlackElo "2409"]
[PlyCount "82"]
[EventDate "2001.10.06"]
[EventType "team"]
[EventRounds "15"]
[EventCountry "GER"]
[SourceTitle "Bundesliga 0102"]
[Source "DeepChess"]
[SourceDate "2005.01.01"]
[SourceVersion "1"]
[SourceVersionDate "2005.01.01"]
[SourceQuality "1"]
[WhiteTeam "Godesberger SK 1929"]
[BlackTeam "Erfurter SK"]
[WhiteTeamCountry "GER"]
[BlackTeamCountry "GER"]

1. e4 e6 2. d4 d5 3. Nd2 c5 4. Ngf3 Nc6 5. exd5 exd5 6. Bb5 Bd6 7. dxc5 Bxc5 8.
O-O Nge7 9. Nb3 Bb6 10. Re1 O-O 11. Be3 Bxe3 12. Rxe3 Bg4 13. h3 Bh5 14. Qd2
Bxf3 15. Rxf3 Qb6 16. Bxc6 bxc6 17. Re1 Ng6 18. Qc3 Rab8 19. Rfe3 f6 20. Kh1
Rfd8 21. Re6 Qxf2 22. Rxc6 Ne5 23. Rc7 d4 24. Qa5 Rb5 25. Qxb5 Qxe1+ 26. Kh2
Nf3+ 27. gxf3 Qf2+ 28. Kh1 Qxf3+ 29. Kh2 Qf4+ 30. Kg2 Qxc7 31. Nc5 Qe5 32. Qc4+
Qd5+ 33. Qxd5+ Rxd5 34. Nd3 g5 35. Kf3 f5 36. Ke2 Kf7 37. Nb4 Rb5 38. a3 a5 39.
Nd3 Ke6 40. a4 Rb8 41. Nc5+ Kd5 0-1

[Event "Bundesliga 0102"]
[Site "Deutschland"]
[Date "2002.03.16"]
[Round "10.7"]
[White "Voekler, Bernd"]
[Black "Jackelen, Thomas"]
[Result "1/2-1/2"]
[WhiteElo "2376"]
[BlackElo "2392"]
[PlyCount "99"]
[EventDate "2001.10.06"]
[EventType "team"]
[EventRounds "15"]
[EventCountry "GER"]
[SourceTitle "Bundesliga 0102"]
[Source "DeepChess"]
[SourceDate "2005.01.01"]
[SourceVersion "1"]
[SourceVersionDate "2005.01.01"]
[SourceQuality "1"]
[WhiteTeam "Erfurter SK"]
[BlackTeam "Godesberger SK 1929"]
[WhiteTeamCountry "GER"]
[BlackTeamCountry "GER"]

1. e4 e6 2. d4 d5 3. Nc3 Nf6 4. e5 Nfd7 5. f4 c5 6. Nf3 a6 7. Be3 Qb6 8. Na4
Qa5+ 9. c3 cxd4 10. b4 Qc7 11. Qxd4 a5 12. b5 b6 13. Qd2 Nc5 14. Nxc5 Bxc5 15.
Nd4 Nd7 16. Bd3 Bb7 17. O-O g6 18. Kh1 Rc8 19. Qf2 Be7 20. Ne2 O-O 21. Bd4 f5
22. exf6 Bxf6 23. Qg3 Nc5 24. Rae1 Ne4 25. Qe3 Bxd4 26. cxd4 Qd6 27. Qh3 Kg7
28. Qg4 Rf7 29. Ng3 Rcf8 30. Bxe4 dxe4 31. Nxe4 Rxf4 32. Rxf4 Qxf4 33. Qxf4
Rxf4 34. Ng5 Rf2 35. Nxe6+ Kf6 36. Nc7 Rxg2 37. d5 Rc2 38. Ne8+ Kg5 39. Kg1
Rxa2 40. Re7 Bc8 41. Rxh7 a4 42. Nd6 Bg4 43. Ra7 Bh3 44. Rh7 Bg4 45. Ra7 Kf4
46. Nc4 Be2 47. Nxb6 Bxb5 48. d6 Rd2 49. Nxa4 Rxd6 50. Nc3 1/2-1/2

[Event "Bundesliga 0102"]
[Site "Deutschland"]
[Date "2002.03.16"]
[Round "10.8"]
[White "Seger, Ruediger"]
[Black "Brueggemann, Joachim"]
[Result "1/2-1/2"]
[WhiteElo "2400"]
[BlackElo "2358"]
[PlyCount "47"]
[EventDate "2001.10.06"]
[EventType "team"]
[EventRounds "15"]
[EventCountry "GER"]
[SourceTitle "Bundesliga 0102"]
[Source "DeepChess"]
[SourceDate "2005.01.01"]
[SourceVersion "1"]
[SourceVersionDate "2005.01.01"]
[SourceQuality "1"]
[WhiteTeam "Godesberger SK 1929"]
[BlackTeam "Erfurter SK"]
[WhiteTeamCountry "GER"]
[BlackTeamCountry "GER"]

1. e4 c5 2. c3 e6 3. d4 d5 4. exd5 exd5 5. Be3 cxd4 6. Bxd4 Nc6 7. Nf3 Nxd4 8.
Nxd4 Bd6 9. Bb5+ Kf8 10. Nd2 Nf6 11. O-O g6 12. Re1 Kg7 13. Nf1 a6 14. Ba4 Bc7
15. Bb3 Qd6 16. f3 Bd7 17. Qd2 Rhe8 18. Rad1 Rxe1 19. Qxe1 Re8 20. Qg3 Qb6 21.
Qf2 Qd6 22. Qg3 Qb6 23. Qf2 Qd6 24. Qg3 1/2-1/2

[Event "Bundesliga 0102"]
[Site "Deutschland"]
[Date "2002.03.16"]
[Round "10.2"]
[White "Kempinski, Robert"]
[Black "Jussupow, Artur"]
[Result "1/2-1/2"]
[WhiteElo "2595"]
[BlackElo "2633"]
[PlyCount "29"]
[EventDate "2001.10.06"]
[EventType "team"]
[EventRounds "15"]
[EventCountry "GER"]
[SourceTitle "Bundesliga 0102"]
[Source "DeepChess"]
[SourceDate "2005.01.01"]
[SourceVersion "1"]
[SourceVersionDate "2005.01.01"]
[SourceQuality "1"]
[WhiteTeam "Hamburger SK 1830 e.V."]
[BlackTeam "SG 1868 Aljech. Solingen"]
[WhiteTeamCountry "GER"]
[BlackTeamCountry "GER"]

1. d4 Nf6 2. c4 e6 3. Nf3 Bb4+ 4. Nbd2 O-O 5. a3 Be7 6. b4 a5 7. b5 c5 8. bxc6
bxc6 9. c5 Ba6 10. e4 Bxf1 11. Kxf1 Ne8 12. g3 d6 13. cxd6 Nxd6 14. Qc2 c5 15.
dxc5 1/2-1/2

[Event "Bundesliga 0102"]
[Site "Deutschland"]
[Date "2002.03.16"]
[Round "10.5"]
[White "Emms, John M"]
[Black "Hansen, Sune Berg"]
[Result "0-1"]
[WhiteElo "2532"]
[BlackElo "2536"]
[PlyCount "68"]
[EventDate "2001.10.06"]
[EventType "team"]
[EventRounds "15"]
[EventCountry "GER"]
[SourceTitle "Bundesliga 0102"]
[Source "DeepChess"]
[SourceDate "2005.01.01"]
[SourceVersion "1"]
[SourceVersionDate "2005.01.01"]
[SourceQuality "1"]
[WhiteTeam "SG 1868 Aljech. Solingen"]
[BlackTeam "Hamburger SK 1830 e.V."]
[WhiteTeamCountry "GER"]
[BlackTeamCountry "GER"]

1. e4 c5 2. Nc3 g6 3. g3 Bg7 4. Bg2 Nc6 5. d3 d6 6. Be3 Nf6 7. h3 O-O 8. Nge2
Rb8 9. O-O b5 10. Qd2 b4 11. Nd1 a5 12. Bh6 Bxh6 13. Qxh6 Nd4 14. Nxd4 cxd4 15.
f4 Rb5 16. g4 Qc7 17. Rc1 Rc5 18. Rf2 Bxg4 19. hxg4 Nxg4 20. Qh4 Nxf2 21. Nxf2
Rxc2 22. Rxc2 Qxc2 23. e5 dxe5 24. fxe5 Qc5 25. Qf4 Rc8 26. Kh2 Qc1 27. Qxd4
Rc2 28. e6 Qxb2 29. exf7+ Kxf7 30. Qd5+ Kg7 31. Ng4 Re2 32. Kg3 h5 33. Nh2 Qxa2
34. Qd4+ e5 0-1

[Event "Bundesliga 0102"]
[Site "Deutschland"]
[Date "2002.03.16"]
[Round "10.6"]
[White "Wahls, Matthias"]
[Black "Chandler, Murray G"]
[Result "0-1"]
[WhiteElo "2580"]
[BlackElo "2540"]
[PlyCount "86"]
[EventDate "2001.10.06"]
[EventType "team"]
[EventRounds "15"]
[EventCountry "GER"]
[SourceTitle "Bundesliga 0102"]
[Source "DeepChess"]
[SourceDate "2005.01.01"]
[SourceVersion "1"]
[SourceVersionDate "2005.01.01"]
[SourceQuality "1"]
[WhiteTeam "Hamburger SK 1830 e.V."]
[BlackTeam "SG 1868 Aljech. Solingen"]
[WhiteTeamCountry "GER"]
[BlackTeamCountry "GER"]

1. c4 Nf6 2. Nf3 e6 3. g3 d5 4. b3 c5 5. Bg2 Nc6 6. O-O Be7 7. e3 O-O 8. Bb2 d4
9. exd4 cxd4 10. Re1 Ne8 11. Ne5 Nxe5 12. Rxe5 f6 13. Re1 Nc7 14. d3 Rb8 15.
Ba3 Bxa3 16. Nxa3 e5 17. Qd2 Qd6 18. Nc2 Kh8 19. b4 b6 20. f4 Bf5 21. Be4 g6
22. Re2 Rbe8 23. fxe5 fxe5 24. Rae1 Kg7 25. Bg2 Bg4 26. Re4 h5 27. h3 Bf3 28.
Bxf3 Rxf3 29. Rf1 Rxf1+ 30. Kxf1 b5 31. c5 Qe6 32. Kg2 Qxa2 33. Qe2 Qd5 34. Kg1
a5 35. bxa5 Qxc5 36. Kh2 Nd5 37. Qf2 Rf8 38. Qd2 Nc3 39. Re1 b4 40. Qg5 Rf5 41.
Qd2 Qxa5 42. g4 hxg4 43. hxg4 Rf4 0-1

[Event "Bundesliga 0102"]
[Site "Deutschland"]
[Date "2002.03.16"]
[Round "10.8"]
[White "Reeh, Oliver"]
[Black "Schaefer, Markus"]
[Result "1/2-1/2"]
[WhiteElo "2416"]
[BlackElo "2403"]
[PlyCount "95"]
[EventDate "2001.10.06"]
[EventType "team"]
[EventRounds "15"]
[EventCountry "GER"]
[SourceTitle "Bundesliga 0102"]
[Source "DeepChess"]
[SourceDate "2005.01.01"]
[SourceVersion "1"]
[SourceVersionDate "2005.01.01"]
[SourceQuality "1"]
[WhiteTeam "Hamburger SK 1830 e.V."]
[BlackTeam "SG 1868 Aljech. Solingen"]
[WhiteTeamCountry "GER"]
[BlackTeamCountry "GER"]

1. e4 e6 2. d4 d5 3. Nc3 Nf6 4. Bg5 Be7 5. e5 Nfd7 6. Bxe7 Qxe7 7. f4 O-O 8.
Nf3 c5 9. Qd2 Nc6 10. g3 a6 11. Bg2 b5 12. O-O cxd4 13. Ne2 Nc5 14. Nfxd4 Nxd4
15. Nxd4 Ne4 16. Qe3 Bb7 17. a3 Rac8 18. c3 Rc7 19. Rad1 f6 20. exf6 Rxf6 21.
f5 exf5 22. Rxf5 Rxf5 23. Nxf5 Qf6 24. Rf1 Rf7 25. Nd4 Qe7 26. Rxf7 Qxf7 27.
Bxe4 dxe4 28. Qf4 Qe7 29. Kf2 g6 30. Ke3 Bd5 31. Qb8+ Kf7 32. h4 Kg7 33. Qf4
Kg8 34. Qg5 Qd7 35. h5 Qd6 36. Qg4 Kf7 37. hxg6+ hxg6 38. Qf4+ Ke7 39. Qxd6+
Kxd6 40. Kf4 Kc5 41. Nc2 Bb3 42. Ne3 Kd6 43. Kxe4 a5 44. Kd4 a4 45. Ng4 Ke6 46.
Ne3 Kd6 47. Ng2 Ke6 48. Ne3 1/2-1/2

[Event "Bundesliga 0102"]
[Site "Deutschland"]
[Date "2002.03.16"]
[Round "10.4"]
[White "Hodgson, Julian M"]
[Black "Schmitz, Andreas Arnold"]
[Result "1-0"]
[WhiteElo "2581"]
[BlackElo "2185"]
[PlyCount "45"]
[EventDate "2001.10.06"]
[EventType "team"]
[EventRounds "15"]
[EventCountry "GER"]
[SourceTitle "Bundesliga 0102"]
[Source "DeepChess"]
[SourceDate "2005.01.01"]
[SourceVersion "1"]
[SourceVersionDate "2005.01.01"]
[SourceQuality "1"]
[WhiteTeam "Luebecker SV von 1873 "]
[BlackTeam "SGEM Heiligenhaus 1937 e. V."]
[WhiteTeamCountry "GER"]
[BlackTeamCountry "GER"]

1. d4 d5 2. Bg5 Qd6 3. c4 dxc4 4. Nc3 e5 5. dxe5 Qxd1+ 6. Rxd1 Be7 7. Nf3 Bxg5
8. Nxg5 Bd7 9. e3 h6 10. Nge4 Nc6 11. Nc5 Nxe5 12. Rd5 f6 13. f4 Bc6 14. fxe5
Bxd5 15. Nxd5 O-O-O 16. Bxc4 fxe5 17. Ne6 Rd7 18. Rf1 Ne7 19. Nxe7+ Rxe7 20.
Nf8 Re8 21. Ng6 Rh7 22. Bg8 Rxg8 23. Ne7+ 1-0

[Event "Bundesliga 0102"]
[Site "Deutschland"]
[Date "2002.03.16"]
[Round "10.5"]
[White "Lindner, Arnd"]
[Black "Nunn, John DM"]
[Result "0-1"]
[WhiteElo "2120"]
[BlackElo "2584"]
[PlyCount "52"]
[EventDate "2001.10.06"]
[EventType "team"]
[EventRounds "15"]
[EventCountry "GER"]
[SourceTitle "Bundesliga 0102"]
[Source "DeepChess"]
[SourceDate "2005.01.01"]
[SourceVersion "1"]
[SourceVersionDate "2005.01.01"]
[SourceQuality "1"]
[WhiteTeam "SGEM Heiligenhaus 1937 e. V."]
[BlackTeam "Luebecker SV von 1873 "]
[WhiteTeamCountry "GER"]
[BlackTeamCountry "GER"]

1. Nf3 Nf6 2. c4 g6 3. Nc3 Bg7 4. g3 O-O 5. Bg2 Nc6 6. O-O d6 7. d4 a6 8. h3
Rb8 9. b3 b5 10. cxb5 axb5 11. Bb2 b4 12. Nb1 Na7 13. Nbd2 Nd7 14. Qc2 Nb5 15.
Rfd1 Bb7 16. Nc4 c5 17. dxc5 Bxb2 18. Qxb2 Nxc5 19. Nd4 Nc3 20. Re1 d5 21. Ne5
Qd6 22. Nd3 e5 23. Nc2 Nxe2+ 24. Rxe2 Nxd3 25. Qb1 d4 26. Bxb7 Rxb7 0-1

[Event "Bundesliga 0102"]
[Site "Deutschland"]
[Date "2002.03.16"]
[Round "10.6"]
[White "Hansen, Lars Bo"]
[Black "Heller, Achim"]
[Result "1-0"]
[WhiteElo "2586"]
[BlackElo "2027"]
[PlyCount "109"]
[EventDate "2001.10.06"]
[EventType "team"]
[EventRounds "15"]
[EventCountry "GER"]
[SourceTitle "Bundesliga 0102"]
[Source "DeepChess"]
[SourceDate "2005.01.01"]
[SourceVersion "1"]
[SourceVersionDate "2005.01.01"]
[SourceQuality "1"]
[WhiteTeam "Luebecker SV von 1873 "]
[BlackTeam "SGEM Heiligenhaus 1937 e. V."]
[WhiteTeamCountry "GER"]
[BlackTeamCountry "GER"]

1. d4 d5 2. Nf3 Nf6 3. c4 c6 4. e3 Bg4 5. cxd5 Bxf3 6. Qxf3 cxd5 7. Nc3 Nc6 8.
Bd2 e6 9. Rc1 Be7 10. g4 Rc8 11. Qg2 Nd7 12. Be2 Nb6 13. O-O O-O 14. f4 Nc4 15.
Bxc4 dxc4 16. f5 Qd7 17. Ne4 exf5 18. gxf5 f6 19. Rxc4 Kh8 20. Kh1 Rfe8 21. Rg1
Rg8 22. Ng3 b5 23. Rc2 Nb4 24. Rxc8 Qxc8 25. Rc1 Qd7 26. Bxb4 Bxb4 27. Qc6 Qe7
28. Ne4 h6 29. a3 Ba5 30. Qe6 Re8 31. Qxe7 Rxe7 32. Nc5 Bd2 33. Rc2 Bxe3 34.
Ne6 g6 35. d5 gxf5 36. Rc8+ Kh7 37. Nf8+ Kg7 38. d6 Re5 39. d7 Bb6 40. Rb8 Bc7
41. b4 Re2 42. Re8 Rxh2+ 43. Kg1 Kf7 44. Ne6 Rd2 45. Nxc7 Rxd7 46. Rc8 Rd1+ 47.
Kf2 Rc1 48. Nxb5 Ra1 49. Rc7+ Kg6 50. Rxa7 Kg5 51. Nd4 Kg4 52. b5 Ra2+ 53. Ne2
f4 54. Ra4 Kg5 55. b6 1-0

[Event "Bundesliga 0102"]
[Site "Deutschland"]
[Date "2002.03.16"]
[Round "10.7"]
[White "Perschke, Ulrich"]
[Black "Conquest, Stuart"]
[Result "0-1"]
[WhiteElo "2216"]
[BlackElo "2565"]
[PlyCount "148"]
[EventDate "2001.10.06"]
[EventType "team"]
[EventRounds "15"]
[EventCountry "GER"]
[SourceTitle "Bundesliga 0102"]
[Source "DeepChess"]
[SourceDate "2005.01.01"]
[SourceVersion "1"]
[SourceVersionDate "2005.01.01"]
[SourceQuality "1"]
[WhiteTeam "SGEM Heiligenhaus 1937 e. V."]
[BlackTeam "Luebecker SV von 1873 "]
[WhiteTeamCountry "GER"]
[BlackTeamCountry "GER"]

1. g3 d5 2. Bg2 c6 3. b3 Bg4 4. Bb2 Nd7 5. Nf3 Ngf6 6. d3 Bxf3 7. Bxf3 e5 8. e4
dxe4 9. dxe4 Qa5+ 10. Nd2 O-O-O 11. O-O h5 12. Nc4 Qc7 13. Qe2 Kb8 14. Rad1 Bc5
15. a3 h4 16. b4 Be7 17. Qe3 hxg3 18. hxg3 b5 19. Na5 c5 20. Qb3 c4 21. Qe3 Rc8
22. Bc3 Qb6 23. Rfe1 Kc7 24. a4 Qxe3 25. Rxe3 a6 26. axb5 axb5 27. Re2 Rhd8 28.
Red2 Rb8 29. Bg2 g5 30. f4 gxf4 31. gxf4 Ng4 32. Bh3 Ndf6 33. Rxd8 Rxd8 34.
Rxd8 Bxd8 35. fxe5 Nxe4 36. Bd4 f5 37. exf6 Bxf6 38. Bxf6 Nexf6 39. c3 Ne3 40.
Be6 Ne4 41. Bf7 Kd7 42. Bg8 Nxc3 43. Kf2 Ned5 44. Ke1 Kd6 45. Bf7 Ke7 46. Bg8
Kd7 47. Bf7 Nb6 48. Kd2 Ncd5 49. Bg8 Kd6 50. Bf7 Nd7 51. Nb7+ Ke5 52. Na5 N7f6
53. Nc6+ Ke4 54. Bg6+ Kf4 55. Nd4 Nc7 56. Bf7 Ne4+ 57. Kc2 Nd6 58. Bg8 Ke4 59.
Ne2 Nd5 60. Kd2 Ke5 61. Bh7 Nxb4 62. Bg6 Nd5 63. Kc2 b4 64. Kb2 Nb5 65. Nc1 Kd4
66. Be8 Kc5 67. Bg6 Nd4 68. Bd3 Ne3 69. Kb1 Nb5 70. Bg6 b3 71. Bf7 Nc3+ 72. Kb2
Ned1+ 73. Ka3 Nb5+ 74. Ka4 Ndc3+ 0-1

[Event "Bundesliga 0102"]
[Site "Deutschland"]
[Date "2002.03.16"]
[Round "10.8"]
[White "Agdestein, Simen"]
[Black "Van Beers, Eddy"]
[Result "1-0"]
[WhiteElo "2572"]
[BlackElo "2323"]
[PlyCount "143"]
[EventDate "2001.10.06"]
[EventType "team"]
[EventRounds "15"]
[EventCountry "GER"]
[SourceTitle "Bundesliga 0102"]
[Source "DeepChess"]
[SourceDate "2005.01.01"]
[SourceVersion "1"]
[SourceVersionDate "2005.01.01"]
[SourceQuality "1"]
[WhiteTeam "Luebecker SV von 1873 "]
[BlackTeam "SGEM Heiligenhaus 1937 e. V."]
[WhiteTeamCountry "GER"]
[BlackTeamCountry "GER"]

1. e4 c5 2. Nf3 d6 3. d4 cxd4 4. Nxd4 Nf6 5. Nc3 a6 6. Be3 Ng4 7. Bg5 h6 8. Bh4
g5 9. Bg3 Bg7 10. Be2 h5 11. Bxg4 hxg4 12. Qd2 Nc6 13. Nf5 Bxf5 14. exf5 Qa5
15. Nd5 Bxb2 16. Rb1 Bd4 17. Qxa5 Nxa5 18. Nc7+ Kd7 19. Nxa8 Rxa8 20. O-O Rc8
21. Rb4 Bf6 22. Rxg4 Rxc2 23. f4 Nc4 24. fxg5 Ne3 25. gxf6 Nxg4 26. fxe7 Kxe7
27. a4 Ra2 28. Re1+ Kf6 29. Bxd6 Kxf5 30. h3 Nf6 31. Re5+ Kg6 32. a5 Rd2 33.
Bb4 Rd4 34. Be1 Nd7 35. Re7 b6 36. axb6 Nxb6 37. Kh2 Rd6 38. Rc7 Nd5 39. Rc5
Ne3 40. Rc3 Re6 41. Bf2 Nf5 42. Rc8 Kg5 43. Rg8+ Rg6 44. Rf8 Kf6 45. Re8 Nh6
46. Bd4+ Kf5 47. Be3 Kf6 48. Ra8 Ke5 49. Ra7 f5 50. Re7+ Kd6 51. Re8 Nf7 52.
Bf4+ Kd7 53. Ra8 Rc6 54. h4 Ke7 55. h5 Rb6 56. Rc8 Rb4 57. g3 Rb2+ 58. Kh3 Rb1
59. Kg2 Rb2+ 60. Kh3 Rb1 61. Rc7+ Ke8 62. Bc1 Ra1 63. Rc2 Ke7 64. h6 Rb1 65. h7
Kf6 66. Bb2+ Kg5 67. Kg2 f4 68. gxf4+ Kxf4 69. Rf2+ Kg5 70. Bc3 Kg6 71. Rxf7
Rb8 72. Ra7 1-0

[Event "Bundesliga 0102"]
[Site "Deutschland"]
[Date "2002.03.16"]
[Round "10.1"]
[White "Movsesian, Sergei"]
[Black "Lamprecht, Frank"]
[Result "1-0"]
[WhiteElo "2627"]
[BlackElo "2399"]
[PlyCount "95"]
[EventDate "2001.10.06"]
[EventType "team"]
[EventRounds "15"]
[EventCountry "GER"]
[SourceTitle "Bundesliga 0102"]
[Source "DeepChess"]
[SourceDate "2005.01.01"]
[SourceVersion "1"]
[SourceVersionDate "2005.01.01"]
[SourceQuality "1"]
[WhiteTeam "SF Neukoelln 03 e.V."]
[BlackTeam "SC Koenigsspringer 1984 Hamburg"]
[WhiteTeamCountry "GER"]
[BlackTeamCountry "GER"]

1. e4 e6 2. d4 d5 3. e5 c5 4. c3 Nc6 5. Nf3 Bd7 6. Be2 Nge7 7. Na3 cxd4 8. cxd4
Nf5 9. Nc2 Nb4 10. O-O Nxc2 11. Qxc2 Rc8 12. Qd3 Qb6 13. a4 Bb4 14. h4 h6 15.
Bd2 Qa5 16. Bf4 Qd8 17. g3 Qe7 18. Kg2 Rc6 19. h5 Qd8 20. Qd1 Be7 21. Bd3 O-O
22. Bb1 Qb6 23. g4 Nh4+ 24. Nxh4 Bxh4 25. Qd3 f5 26. exf6 Bxf6 27. Be3 Kf7 28.
a5 Qb4 29. Ra3 Ke7 30. Rb3 Qxa5 31. Bd2 Qc7 32. Bb4+ Rd6 33. f4 Qc4 34. Rd1 Bc6
35. Qe3 Kd7 36. Bxd6 Kxd6 37. Rc3 Qb5 38. Rd2 Kd7 39. Bg6 Qb4 40. g5 Be7 41.
Re2 Qd6 42. gxh6 gxh6 43. f5 exf5 44. Qxh6 f4 45. Rf3 Qf6 46. Re5 Qh4 47. Bf5+
Kd8 48. Qe6 1-0

[Event "Bundesliga 0102"]
[Site "Deutschland"]
[Date "2002.03.16"]
[Round "10.3"]
[White "Berndt, Stephan"]
[Black "Hochgraefe, Markus"]
[Result "1-0"]
[WhiteElo "2479"]
[BlackElo "2334"]
[PlyCount "45"]
[EventDate "2001.10.06"]
[EventType "team"]
[EventRounds "15"]
[EventCountry "GER"]
[SourceTitle "Bundesliga 0102"]
[Source "DeepChess"]
[SourceDate "2005.01.01"]
[SourceVersion "1"]
[SourceVersionDate "2005.01.01"]
[SourceQuality "1"]
[WhiteTeam "SF Neukoelln 03 e.V."]
[BlackTeam "SC Koenigsspringer 1984 Hamburg"]
[WhiteTeamCountry "GER"]
[BlackTeamCountry "GER"]

1. e4 c6 2. d4 d5 3. exd5 cxd5 4. c4 Nf6 5. Nc3 e6 6. Nf3 Be7 7. cxd5 Nxd5 8.
Bd3 Nc6 9. O-O O-O 10. Re1 Nf6 11. a3 b6 12. Bf4 Bb7 13. Rc1 Rc8 14. Bb1 Re8
15. Qd3 g6 16. Ba2 Kg7 17. Rcd1 Nd5 18. Nxd5 exd5 19. Ne5 f6 20. Bh6+ Kxh6 21.
Nf7+ Kg7 22. Nxd8 Rexd8 23. Qf3 1-0

[Event "Bundesliga 0102"]
[Site "Deutschland"]
[Date "2002.03.16"]
[Round "10.4"]
[White "Trisic, Alexandar"]
[Black "Borriss, Martin"]
[Result "0-1"]
[WhiteElo "2316"]
[BlackElo "2445"]
[PlyCount "71"]
[EventDate "2001.10.06"]
[EventType "team"]
[EventRounds "15"]
[EventCountry "GER"]
[SourceTitle "Bundesliga 0102"]
[Source "DeepChess"]
[SourceDate "2005.01.01"]
[SourceVersion "1"]
[SourceVersionDate "2005.01.01"]
[SourceQuality "1"]
[WhiteTeam "SC Koenigsspringer 1984 Hamburg"]
[BlackTeam "SF Neukoelln 03 e.V."]
[WhiteTeamCountry "GER"]
[BlackTeamCountry "GER"]

1. e4 c5 2. Nf3 d6 3. d4 cxd4 4. Nxd4 Nf6 5. Nc3 Nc6 6. Bg5 e6 7. Qd2 a6 8.
O-O-O h6 9. Bh4 Nxe4 10. Qf4 Ng5 11. Nxc6 bxc6 12. Qa4 Qb6 13. f4 Nh7 14. Bc4
Bd7 15. Rhe1 Rb8 16. f5 d5 17. Bb3 Bb4 18. fxe6 fxe6 19. Bg3 Rb7 20. a3 Bxc3
21. bxc3 O-O 22. Qb4 Qa7 23. Qd6 Nf6 24. Rxe6 Bxe6 25. Qxe6+ Kh8 26. Qxc6 Ne4
27. Be5 Nf6 28. Bd4 Qb8 29. Qxa6 Rxb3 30. cxb3 Qxb3 31. Rf1 Rb8 32. Qd3 Ne4 33.
Qc2 Qxa3+ 34. Kd1 Rb2 35. Rf8+ Kh7 36. Ra8 0-1

[Event "Bundesliga 0102"]
[Site "Deutschland"]
[Date "2002.03.16"]
[Round "10.5"]
[White "Polzin, Rainer"]
[Black "Voigt, Martin"]
[Result "1/2-1/2"]
[WhiteElo "2469"]
[BlackElo "2300"]
[PlyCount "112"]
[EventDate "2001.10.06"]
[EventType "team"]
[EventRounds "15"]
[EventCountry "GER"]
[SourceTitle "Bundesliga 0102"]
[Source "DeepChess"]
[SourceDate "2005.01.01"]
[SourceVersion "1"]
[SourceVersionDate "2005.01.01"]
[SourceQuality "1"]
[WhiteTeam "SF Neukoelln 03 e.V."]
[BlackTeam "SC Koenigsspringer 1984 Hamburg"]
[WhiteTeamCountry "GER"]
[BlackTeamCountry "GER"]

1. e4 c6 2. c4 d5 3. cxd5 cxd5 4. exd5 Nf6 5. Nc3 g6 6. Qb3 Bg7 7. d4 O-O 8.
Be2 Na6 9. Bf3 Qb6 10. Nge2 Qxb3 11. axb3 Nb4 12. O-O Rd8 13. d6 exd6 14. Nb5
a6 15. Bf4 Ne8 16. Bg5 Bf6 17. Bxf6 Nxf6 18. Rfc1 Bg4 19. Bxg4 Nxg4 20. Nc7
Rac8 21. Nf4 d5 22. Rc5 Nf6 23. f3 g5 24. Ra4 a5 25. Nh3 b6 26. Rc3 h6 27. Ra1
Kh7 28. Nb5 Kg6 29. Rac1 Rxc3 30. bxc3 Nc6 31. Kf1 Re8 32. Re1 Rxe1+ 33. Kxe1
Kf5 34. Nf2 h5 35. Ke2 h4 36. Ke3 Ne8 37. g4+ Ke6 38. Nd3 f6 39. f4 Ne7 40. Nb2
Nd6 41. f5+ Kd7 42. Nxd6 Kxd6 43. c4 dxc4 44. bxc4 Kc6 45. Na4 b5 46. d5+ Kd6
47. cxb5 Kxd5 48. Nb6+ Kc5 49. Nd7+ Kxb5 50. Nxf6 Kc4 51. Nd7 Kd5 52. Nb6+ Kc5
53. Na4+ Kd5 54. Nb6+ Kc6 55. f6 Ng6 56. Nc4 Kd5 1/2-1/2

[Event "Bundesliga 0102"]
[Site "Deutschland"]
[Date "2002.03.16"]
[Round "10.6"]
[White "Von Buelow, Georg"]
[Black "Poldauf, Dirk"]
[Result "0-1"]
[WhiteElo "2298"]
[BlackElo "2403"]
[PlyCount "72"]
[EventDate "2001.10.06"]
[EventType "team"]
[EventRounds "15"]
[EventCountry "GER"]
[SourceTitle "Bundesliga 0102"]
[Source "DeepChess"]
[SourceDate "2005.01.01"]
[SourceVersion "1"]
[SourceVersionDate "2005.01.01"]
[SourceQuality "1"]
[WhiteTeam "SC Koenigsspringer 1984 Hamburg"]
[BlackTeam "SF Neukoelln 03 e.V."]
[WhiteTeamCountry "GER"]
[BlackTeamCountry "GER"]

1. e4 e6 2. d4 d5 3. Nc3 Bb4 4. e5 c5 5. a3 Bxc3+ 6. bxc3 Ne7 7. Qg4 Qc7 8.
Qxg7 Rg8 9. Qxh7 cxd4 10. Ne2 Nbc6 11. f4 Bd7 12. Qd3 dxc3 13. Qxc3 O-O-O 14.
Rb1 Nf5 15. Rg1 d4 16. Qd3 Na5 17. Rb4 a6 18. g4 Nh4 19. Nxd4 Bb5 20. Nxb5 axb5
21. Qe4 Qc3+ 22. Kf2 Rd1 23. Bb2 Rd2+ 24. Be2 Qh3 25. Rxb5 Qxh2+ 26. Kf1 Rgd8
27. Rc5+ Kb8 28. Bc3 Rd1+ 29. Bxd1 Rxd1+ 30. Be1 Nf3 31. Qxf3 Rxe1+ 32. Kxe1
Qxg1+ 33. Ke2 Qxc5 34. Qd3 Nc4 35. a4 Nb6 36. Qh7 Nd5 0-1

[Event "Bundesliga 0102"]
[Site "Deutschland"]
[Date "2002.03.16"]
[Round "10.7"]
[White "Thiede, Lars"]
[Black "Berger, Steve"]
[Result "1/2-1/2"]
[WhiteElo "2410"]
[BlackElo "2311"]
[PlyCount "114"]
[EventDate "2001.10.06"]
[EventType "team"]
[EventRounds "15"]
[EventCountry "GER"]
[SourceTitle "Bundesliga 0102"]
[Source "DeepChess"]
[SourceDate "2005.01.01"]
[SourceVersion "1"]
[SourceVersionDate "2005.01.01"]
[SourceQuality "1"]
[WhiteTeam "SF Neukoelln 03 e.V."]
[BlackTeam "SC Koenigsspringer 1984 Hamburg"]
[WhiteTeamCountry "GER"]
[BlackTeamCountry "GER"]

1. g3 c5 2. c4 Nf6 3. Bg2 e6 4. Nf3 Qc7 5. Nc3 a6 6. O-O d6 7. e4 b6 8. h3 Bb7
9. Nh2 Nc6 10. f4 O-O-O 11. d3 h6 12. Be3 d5 13. exd5 exd5 14. Nxd5 Nxd5 15.
Bxd5 Rxd5 16. cxd5 Ne7 17. Nf3 Nxd5 18. Bf2 g5 19. fxg5 Be7 20. g6 Ne3 21. Qe2
Nxf1 22. Rxf1 fxg6 23. Qe6+ Kb8 24. Qe5 Rf8 25. Qxc7+ Kxc7 26. Ne5 Bd6 27. Nc4
Be7 28. Ne5 Rf6 29. Be3 Re6 30. Rf7 g5 31. Ng6 Rxe3 32. Rxe7+ Rxe7 33. Nxe7 Kd7
34. Nf5 Bd5 35. a3 Be6 36. Nxh6 Bxh3 37. Nf7 Bf5 38. Nxg5 Bxd3 39. Kf2 Kd6 40.
Ke3 Bg6 41. Kd2 Ke5 42. Kc3 Bh5 43. Nh3 Ke4 44. Nf4 Bf7 45. Nd3 Be6 46. a4 c4
47. Nb4 a5 48. Nc2 Kd5 49. Ne3+ Kc5 50. g4 Bd7 51. g5 Bxa4 52. Nxc4 Be8 53. b3
Bh5 54. Ne5 Kd6 55. Kd4 Bd1 56. Nc4+ Ke6 57. Kc3 Bxb3 1/2-1/2